<?xml version="1.0" encoding="UTF-8"?>
<record
    xmlns:xsi="http://www.w3.org/2001/XMLSchema-instance"
    xsi:schemaLocation="http://www.loc.gov/MARC21/slim http://www.loc.gov/standards/marcxml/schema/MARC21slim.xsd"
    xmlns="http://www.loc.gov/MARC21/slim">

  <leader>01377cam a22003014a 4500</leader>
  <controlfield tag="001">13331448</controlfield>
  <controlfield tag="005">20220326193336.0</controlfield>
  <controlfield tag="008">030903s2002    dk a     c    000 0 dan  </controlfield>
  <datafield tag="010" ind1=" " ind2=" ">
    <subfield code="a">  2003376092</subfield>
  </datafield>
  <datafield tag="020" ind1=" " ind2=" ">
    <subfield code="a">8777661214</subfield>
  </datafield>
  <datafield tag="040" ind1=" " ind2=" ">
    <subfield code="a">DLC</subfield>
    <subfield code="c">DLC</subfield>
  </datafield>
  <datafield tag="041" ind1="0" ind2=" ">
    <subfield code="a">dan</subfield>
    <subfield code="a">eng</subfield>
  </datafield>
  <datafield tag="042" ind1=" " ind2=" ">
    <subfield code="a">pcc</subfield>
  </datafield>
  <datafield tag="082" ind1=" " ind2=" ">
    <subfield code="a">708</subfield>
    <subfield code="b">F826i</subfield>
  </datafield>
  <datafield tag="100" ind1="1" ind2=" ">
    <subfield code="a">Frandsen, Erik A.,</subfield>
    <subfield code="d">1957-</subfield>
    <subfield code="9">4085</subfield>
  </datafield>
  <datafield tag="245" ind1="1" ind2="0">
    <subfield code="a">Erik A. Frandsen :</subfield>
    <subfield code="b">i lysets skygge /</subfield>
    <subfield code="c">[tekst af Ernst Jonas Bencard ... et al.] = Erik A. Frandsen : in the shadow of light / [text by Ernst Jonas Bencard ... et al.].</subfield>
  </datafield>
  <datafield tag="246" ind1="3" ind2="0">
    <subfield code="a">I lysets skygge</subfield>
  </datafield>
  <datafield tag="246" ind1="3" ind2="1">
    <subfield code="a">In the shadow of light</subfield>
  </datafield>
  <datafield tag="260" ind1=" " ind2=" ">
    <subfield code="a">Odense, Denmark :</subfield>
    <subfield code="b">Kunsthallen Brands kl&#xE6;defabrik,</subfield>
    <subfield code="c">[2002]</subfield>
  </datafield>
  <datafield tag="300" ind1=" " ind2=" ">
    <subfield code="a">141 p. :</subfield>
    <subfield code="b">col. ill. ;</subfield>
    <subfield code="c">27 cm.</subfield>
  </datafield>
  <datafield tag="505" ind1=" " ind2=" ">
    <subfield code="t">Preface </subfield>
    <subfield code="r">Lene Burkard</subfield>
    <subfield code="t">In the Shadow of Light </subfield>
    <subfield code="r">Lene Burkard</subfield>
    <subfield code="t">True Love in a False Light </subfield>
    <subfield code="r">Ernst Jonas Bencard </subfield>
    <subfield code="t">Flower to Flower  Foreword to possible anthology </subfield>
    <subfield code="r">By Mikkel Bogh </subfield>
    <subfield code="t">Ten Banalities on Flowers and Frandsen </subfield>
    <subfield code="r">Lennart Gottlieb </subfield>
    <subfield code="t">Biography </subfield>
    <subfield code="r">Erick A. Frandsen </subfield>
    <subfield code="t">List of works </subfield>
    <subfield code="t">List of ilustrations</subfield>
    <subfield code="t">Credits</subfield>
  </datafield>
  <datafield tag="546" ind1=" " ind2=" ">
    <subfield code="a">In Danish and English.</subfield>
  </datafield>
  <datafield tag="600" ind1="1" ind2="0">
    <subfield code="a">Frandsen, Erik A.,</subfield>
    <subfield code="d">1957-</subfield>
    <subfield code="v">Exhibitions.</subfield>
    <subfield code="9">4086</subfield>
  </datafield>
  <datafield tag="650" ind1=" " ind2=" ">
    <subfield code="z">Dinamarca</subfield>
    <subfield code="9">4087</subfield>
  </datafield>
  <datafield tag="700" ind1="1" ind2=" ">
    <subfield code="a">Bencard, Ernst Jonas.</subfield>
    <subfield code="9">4088</subfield>
  </datafield>
  <datafield tag="906" ind1=" " ind2=" ">
    <subfield code="a">7</subfield>
    <subfield code="b">cbc</subfield>
    <subfield code="c">orignew</subfield>
    <subfield code="d">3</subfield>
    <subfield code="e">ncip</subfield>
    <subfield code="f">20</subfield>
    <subfield code="g">y-gencatlg</subfield>
  </datafield>
  <datafield tag="999" ind1=" " ind2=" ">
    <subfield code="c">763</subfield>
    <subfield code="d">763</subfield>
  </datafield>
  <datafield tag="952" ind1=" " ind2=" ">
    <subfield code="0">0</subfield>
    <subfield code="1">0</subfield>
    <subfield code="2">ddc</subfield>
    <subfield code="4">0</subfield>
    <subfield code="7">0</subfield>
    <subfield code="a">LV</subfield>
    <subfield code="b">LV</subfield>
    <subfield code="c">Monograf&#xED;as</subfield>
    <subfield code="d">2015-10-30</subfield>
    <subfield code="l">0</subfield>
    <subfield code="o">708 F826i</subfield>
    <subfield code="p">000772</subfield>
    <subfield code="r">2015-10-30 00:00:00</subfield>
    <subfield code="w">2015-10-30</subfield>
    <subfield code="y">01</subfield>
  </datafield>
</record>
